| 000 | 00448nam a2200181Ia 4500 | ||
|---|---|---|---|
| 001 | 1585 | ||
| 005 | 20260306143739.0 | ||
| 008 | 260306t2014||||xx |||||||||||||| ||spa|| | ||
| 041 | _aESP | ||
| 082 |
_a152.41 _bB169 |
||
| 100 |
_aBowlby, John _eAUT |
||
| 245 | 0 |
_aVínculos afectivos: _bformación, desarrollo y pérdida |
|
| 260 | _c2014 | ||
| 300 |
_axv, 174 páginas : _c24 cm. |
||
| 650 | _aGEN | ||
| 654 | _aCPS | ||
| 942 |
_cLIB _dJUS _fJUS _2ddc _n |
||
| 999 |
_c1585 _d1585 |
||